000 00220nam a2200097Ia 4500
008 170619s9999 xx 000 0 und d
100 _aTompkins- James
245 0 _aFacilities Planning
260 _bWiley-India
260 _c2009
546 _aENGLISH
999 _c20533
_d20533